Country Ending- D - Statistics

General Stats
  • This quiz has been taken 145 times
    127 since last reset
  • The average score is 7 of 8
Answer Stats
Answer % Correct
New Zealand
95%
Iceland
94%
Finland
93%
Ireland
91%
Poland
87%
Thailand
86%
Switzerland
84%
Chad
72%
No matching quizzes found
Score Distribution
Percent of People with Each Score
Percentile by Number Answered
Your Score History
You have not taken this quiz since the last reset